Espace et dynamiques territoriales

Αποθηκεύτηκε σε:
Λεπτομέρειες βιβλιογραφικής εγγραφής
Κύριος συγγραφέας: Derycke, Pierre-Henri
Συγγραφή απο Οργανισμό/Αρχή: Association de Science Regionale de Langue Francaise
Μορφή: Βιβλίο
Γλώσσα:French
Δημοσίευση: Paris : Economica, c1992
Σειρά:Bibliotheque de science regionale
Θέματα:
Ετικέτες: Προσθήκη ετικέτας
Δεν υπάρχουν, Καταχωρήστε ετικέτα πρώτοι!

MARC

LEADER 00000nam a2200000 i 4500
001 1/103020
008 950511s1992 fre d
020 |a 2-7178-2299-2 
035 |l 10012731 
040 |a GR-MY-UA  |b gre  |e aacr 
041 0 |a fre 
082 0 |a 338.9 
100 1 |a Derycke, Pierre-Henri. 
110 2 |a Association de Science Regionale de Langue Francaise. 
245 1 0 |a Espace et dynamiques territoriales /  |c Textes rassembles et presentes par Pierre-Henri Derycke 
260 |a Paris :   |b Economica,   |c c1992 
300 |a xxxix, 336 p.;  |b ill.;  |c 24 cm 
490 1 |a Bibliotheque de science regionale 
500 |a At head of title: Association de science regionale de langue francaise 
504 |a Includes bibliographical references 
650 0 0 |a Regional planning  |x Congresses. 
650 0 0 |a Regional economic disparities  |x Congresses. 
650 0 0 |a Regional disparities  |x Congresses. 
650 0 0 |a Economic development  |x Congresses. 
830 0 |a Bibliotheque de science regionale 
852 |a INST  |b LESVOS  |e 19950511  |h 338.9 DER  |p 005100001021  |q 005100001021  |t BK  |y 0 
852 |a INST  |b LESVOS  |e 19980512  |h 338.9 DER  |p 005100013829  |q 005100013829  |t BK  |y 0 
901 |a BIBL-1998-2 
909 |a Λ  |b 024197 
909 |a Λ  |b 056303 
922 |a 1ΕΛΗ  |b 199805  |c ΚΠΣ/ΤΠ  |d ΠΑΠΑΣΩΤΗΡΙΟΥ 
950 |a 107-1998-03-04